Nuclear Pharmacy : An Introducation to the Clinical Application of Radiopharmaceuticals (Record no. 75534)

MARC details
000 -LEADER
fixed length control field 00455pam a2200157 a 4500
020 ## - INTERNATIONAL STANDARD BOOK NUMBER
International Standard Book Number 0812110218
Terms of availability
041 ## - LANGUAGE CODE
Language code of text/sound track or separate title eng
082 ## - DEWEY DECIMAL CLASSIFICATION NUMBER
Classification number 615.8
Item number CHI
100 ## - MAIN ENTRY--PERSONAL NAME
Personal name Chilton, H M.
245 ## - TITLE STATEMENT
Title Nuclear Pharmacy : An Introducation to the Clinical Application of Radiopharmaceuticals
Medium Textual Documents
260 ## - PUBLICATION, DISTRIBUTION, ETC.
Place of publication, distribution, etc. Philadelphia
Name of publisher, distributor, etc. Lea and Febiger
Date of publication, distribution, etc. 1986
300 ## - PHYSICAL DESCRIPTION
Extent 190.
653 ## - INDEX TERM--UNCONTROLLED
Uncontrolled term Physical And Other Therapies
700 ## - ADDED ENTRY--PERSONAL NAME
Personal name Witcofski, R L.
930 ## - EQUIVALENCE OR CROSS-REFERENCE-UNIFORM TITLE HEADING [LOCAL, CANADA]
Uniform title 2249
Holdings
Withdrawn status Lost status Damaged status Not for loan Collection Home library Current library Date acquired Source of acquisition Cost, normal purchase price Total Checkouts Full call number Barcode Date last seen Copy number Price effective from Koha item type
          Poona College of Pharmacy, Pune Poona College of Pharmacy, Pune 26/09/1986 K. M. Varghese Company 297.00   615.8 CHI PCP-B-898 24/02/2023 1 24/02/2023 Book